000 00567nam a2200193 4500
001 131630
003 ES-MaACL
005 20230906194021.0
007 t|
008 070214s1957 sp r ||||1| spa d
100 1 _aRodríguez Huéscar, Antonio.
_998579
245 1 0 _aDel amor platónico a la libertad /
_cAntonio Rodríguez Huescar.
260 _aMadrid :
_bEd. Puerta del Sol,
_c1957.
300 _a389 p., 1 lám. = retr. aut. ;
_c19 cm.
490 1 _aNoema
830 0 _aNoema
_9183027
852 _aES-MaACL
_jC-13720
_bR.41569
999 _c131630
_d131630